Personnalités nées dans l'Ariège par images - Statistiques

Statistiques générales
  • Ce quiz a été pris 87 fois
  • Le résultat moyen est 3 sur 8
Statistiques - réponses
Par images Réponse % Correct
Fabien Barthez
95%
Perrine Laffont
63%
Yoann Huget
59%
Eric Carrière
25%
Gabriel Fauré
20%
Laurent Panifous
11%
Frédéric Soulié
3%
Benoît XII
1%
Aucun quiz correspondant
Distribution des résultats
% des personnes avec chaque résultat
Percentile par nombre de réponses
Votre historique - résultats
Vous n’avez pas pris ce quiz